Catholic NCAA Division 1 Schools - Statistics

General Stats
  • This quiz has been taken 25 times
  • The average score is 18 of 43
Answer Stats
Answer Conference % Correct
Notre Dame ACC
82%
St. John's Big East
73%
Boston College ACC
68%
Georgetown Big East
68%
Loyola Chicago A10
64%
Loyola (Maryland) Patriot League
64%
Loyola Marymount WCC
64%
Mount St. Mary's MAAC
64%
St. Mary's WCC
64%
Villanova Big East
64%
Gonzaga WCC
59%
St. Louis A10
59%
Xavier Big East
55%
St. Bonaventure A10
50%
St. Francis (PA) Northeast
50%
Creighton Big East
45%
Providence Big East
41%
San Diego WCC
41%
San Francisco WCC
41%
St. Peter's Big East
41%
Iona MAAC
36%
La Salle A10
36%
Marquette Big East
36%
Portland WCC
36%
Santa Clara WCC
36%
Seton Hall Big East
36%
St. Thomas Summit League
36%
Canisius MAAC
32%
Dayton A10
32%
Duquesne A10
32%
Siena MAAC
32%
St. Joesph's A10
32%
Depaul Big East
27%
Marist MAAC
27%
Fairfield MAAC
23%
Fordham A10
23%
Manhattan MAAC
23%
Merrimack MAAC
23%
Niagara MAAC
23%
Bellarmine ASUN
18%
Stonehill Northeast
18%
Le Moyne Northeast
14%
Detroit Mercy Horizon League
9%
No matching quizzes found
Score Distribution
Percent of People with Each Score
Percentile by Number Answered
Your Score History
You have not taken this quiz